Loading...
| Current Events | 3 | 13.33 | 100% | 33% | 0% |
| Fine Arts - Classical Music | 4 | 10.00 | 75% | 25% | 0% |
| Fine Arts - Other | 7 | 14.29 | 100% | 29% | 14% |
| Fine Arts - Painting and Sculpture | 5 | 12.00 | 80% | 40% | 0% |
| Geography | 1 | 10.00 | 100% | 0% | 0% |
| History - American | 6 | 11.67 | 100% | 17% | 0% |
| History - European | 1 | 20.00 | 100% | 100% | 0% |
| History - Other | 5 | 14.00 | 80% | 60% | 0% |
| History - World | 6 | 10.00 | 83% | 17% | 0% |
| Literature - American | 6 | 10.00 | 100% | 0% | 0% |
| Literature - British | 1 | 10.00 | 100% | 0% | 0% |
| Literature - European | 4 | 10.00 | 100% | 0% | 0% |
| Literature - World | 5 | 14.00 | 80% | 40% | 20% |
| Mythology | 5 | 14.00 | 100% | 20% | 20% |
| Philosophy | 1 | 20.00 | 100% | 100% | 0% |
| Pop Culture | 1 | 30.00 | 100% | 100% | 100% |
| Religion | 5 | 12.00 | 100% | 20% | 0% |
| Science - Biology | 2 | 10.00 | 100% | 0% | 0% |
| Science - Chemistry | 5 | 8.00 | 80% | 0% | 0% |
| Science - Other | 4 | 15.00 | 100% | 25% | 25% |
| Science - Physics | 5 | 18.00 | 100% | 80% | 0% |
| Social Science | 4 | 12.50 | 100% | 25% | 0% |